Представление документа в формате MARC21

ПолеНазваниеЗначение
  Тип записи a
  Библиографический уровень m
001 Контрольный номер RU\infra-m\znanium\bibl\2218842
005 Дата корректировки 20260429142219.4
008 Кодируемые данные 250716s2025 RU g rus u
020 Индекс ISBN __
a ISBN 978-5-16-021246-3
020 Индекс ISBN __
a ISBN 978-5-16-106515-0 (электр. издание)
040 Источник каталогиз. __
a Служба первич. каталог. Общество с ограниченной ответственностью «ЗНАНИУМ»
041 Код языка издания __
a Код языка текста rus
044 Код страны публикации __
a Код страны публикации RU
080 Индекс УДК __
a Индекс УДК 004.94(075.8)
084 Индекс другой классификации/Индекс ББК __
2 Источник индекса rubbk
a Индекс другой классификации/Индекс ББК 32.973.26-018.1я73
084 Индекс другой классификации/Индекс ББК __
2 Источник индекса okso
a Индекс другой классификации/Индекс ББК 09.03.01
084 Индекс другой классификации/Индекс ББК __
2 Источник индекса okso
a Индекс другой классификации/Индекс ББК 09.03.03
084 Индекс другой классификации/Индекс ББК __
2 Источник индекса okso
a Индекс другой классификации/Индекс ББК 15.03.01
084 Индекс другой классификации/Индекс ББК __
2 Источник индекса okso
a Индекс другой классификации/Индекс ББК 15.03.02
084 Индекс другой классификации/Индекс ББК __
2 Источник индекса okso
a Индекс другой классификации/Индекс ББК 15.03.04
100 Автор __
a Автор Башкатов А.М.
q Полное имя Башкатов Александр Майорович
u Дополнение Приднестровский Государственный университет им. Т. Г. Шевченко
245 Заглавие __
a Заглавие Моделирование в OpenSCAD: на примерах
b Продолж. заглавия Учебное пособие
c Ответственность Приднестровский Государственный университет им. Т. Г. Шевченко
250 Сведения об издании __
a Основные сведения об издании 1
260 Выходные данные __
a Место издания Москва
b Издательство ООО "Научно-издательский центр ИНФРА-М"
c Дата издания 2026
300 Физическое описание __
a Объем 333 с.
440 Серия __
a Серия Высшее образование
520 Аннотация __
a Аннотация Учебное пособие является вводным курсом к изучению основ геометрического моделирования для 3D-печати с применением языка программирования OpenSCAD и построено на основе описаний инструкций по созданию примитивов определению их свойств проведению трансформаций и других сервисных операций. Содержит большое число примеров с подробными комментариями и описанием выполняемых действий что позволяет получить базовые навыки по созданию трехмерных и плоских моделей проведению экспорта и импорта графических данных. Соответствует требованиям федеральных государственных образовательных стандартов высшего образования последнего поколения. Может быть полезно учителям информатики студентам учащимся и всем кто увлекается трехмерным моделированием и подготовкой изделий для 3D-печати.
521 Примеч. о цел. назн. __
a Примеч. о целев. назн. ВО - Бакалавриат
650 Тематические рубрики __
a Основная рубрика Информатика. Вычислительная техника
x Основная подрубрика Программирование. Языки и среды программирования
655 Указ. предметных рубрик (устаревшее) __
a Жанр/ форма (устаревшее) Учебное пособие
856 Электронный адрес документа 4_
a Имя сервера/домена znanium.ru
m Помощь ebs_support@infra-m.ru
n Местонахождение сервера НИЦ ИНФРА-М
u URL https://znanium.ru/catalog/document?id=467410
856 Электронный адрес документа 48
a Имя сервера/домена znanium.ru
d Путь /cover/2218
f Электронное имя 2218842.jpg
q Тип электронного формата image/jpeg
u URL https://znanium.ru/cover/2218/2218842.jpg
911 __
u 0030=https://znanium.ru/catalog/document?id=467410